Большой англо-русский фразеологический словарь: около 20 000 фразеологических единиц

Podrobná bibliografie
Hlavní autor: Кунин А. В. Александр Владимирович
Další autoři: Литвинова М. Д. (редактор)
Shrnutí:Настоящий словарь является самым большим англо-русским фразеологическим словарем из когда-либо созданных в мире и содержит около 20 000 фразеологических единиц с подробнейшей разработкой значений и их оттенков. В словарь включены фразеологизмы, широко употребительные в английском языке XIX-XX вв. Словарь снабжен многочисленными иллюстрациями из произведений английских и американских классиков и современных писателей с указанием автора и произведения. Словарь рассчитан на лиц, читающих английскую художественную и общественно-политическую литературу и прессу, на переводчиков, научных работников, студентов, преподавателей. Он может также служить пособием для английского читателя, изучающего русский язык, а также для английских специалистов, занимающихся переводами на русский.
Jazyk:angličtina
ruština
Vydáno: Москва, Живой язык, 2005
Vydání:6-е изд., испр.
Témata:
Médium: MixedMaterials Kniha
KOHA link:https://koha.lib.tpu.ru/cgi-bin/koha/opac-detail.pl?biblionumber=115797

MARC

LEADER 00000nam0a2200000 4500
001 115797
005 20231031122856.0
010 |a 5803303399 
035 |a (RuTPU)RU\TPU\book\125264 
090 |a 115797 
100 |a 20070515d2005 km y0rusy50 ca 
101 0 |a eng  |a rus 
102 |a RU 
105 |a y e 001zy 
200 1 |a Большой англо-русский фразеологический словарь  |e около 20 000 фразеологических единиц  |f А. В. Кунин  |g под ред. М. Д. Литвиновой 
205 |a 6-е изд., испр. 
210 |a Москва  |c Живой язык  |d 2005 
215 |a 944 с. 
320 |a Список произв.: с. 937-942. 
330 |a Настоящий словарь является самым большим англо-русским фразеологическим словарем из когда-либо созданных в мире и содержит около 20 000 фразеологических единиц с подробнейшей разработкой значений и их оттенков. В словарь включены фразеологизмы, широко употребительные в английском языке XIX-XX вв. Словарь снабжен многочисленными иллюстрациями из произведений английских и американских классиков и современных писателей с указанием автора и произведения. Словарь рассчитан на лиц, читающих английскую художественную и общественно-политическую литературу и прессу, на переводчиков, научных работников, студентов, преподавателей. Он может также служить пособием для английского читателя, изучающего русский язык, а также для английских специалистов, занимающихся переводами на русский. 
610 1 |a английский язык 
610 1 |a словари 
610 1 |a лексика 
610 1 |a фразеология 
610 1 |a фразеологические словари 
686 |a Ш143.21-4  |v LBC/SL-A  |2 rubbk 
686 |a Ш143.21-33  |v LBC/SL-A  |2 rubbk 
700 1 |a Кунин  |b А. В.  |g Александр Владимирович 
702 1 |a Литвинова  |b М. Д.  |4 340 
801 1 |a RU  |b 63413507  |c 20070515  |g PSBO 
801 2 |a RU  |b 63413507  |c 20070906  |g PSBO 
942 |c BK 
959 |a 40/20070515  |d 1  |e 522,72  |f ЧЗИЛ:1